000 00745nab a2200229 u 4500
001 09411
003 HDC
007 cr bn ---aaaaa
008 210201c2010 my dr|nes 0 a may d
040 _aHDC
245 0 _aUsahawan Islam China Pasar Produk Halal
260 _aKuala Lumpur :
_bUtusan Melayu (M) Bhd.,
_c2010
336 _atext
_2rdacontent
337 _acomputer
_2rdamedia
338 _aonline resource
_2rdacarrier
650 _aHalal products
_9642
650 _aislamic entrepreneurs
_99732
856 _zRequest full-text at [email protected]
942 _2lcc
942 _cNEWS
942 _kNWSC 002468
999 _c6734
_d6734